Urgencias cardiovasculares (Registro nro. 166130)

Detalles MARC
000 -ENCABEZADO
Número de control [NR] 00966 a2200241 4500
005 - FECHA Y HORA DE LA ÚLTIMA TRANSACCIÓN
control field 20221028144419.0
008 - DE LONGITUD FIJA DE DATOS DE ELEMENTOS - INFORMACIÓN GENERAL
Elementos de longitud fija [NR] 130404b2012 ck ad fr|||| 00| 0 spa d
020 ## - NUMERO INTERNACIONAL NORMALIZADO PARA LIBROS [R]
Número Internacional Normalizado del libro [NR] 9789585778009
040 ## - FUENTE DE CATALOGACION [NR]
Agencia de catalogación original [NR] CO-BoUCM
Idioma de catalogación [NR] spa
Quien Clasifica Deissy Garcia (modificó)
Quien Cataloga [Nuevo]
041 ## - CODIGO DE IDIOMA [R]
Código de idioma para texto/pista de sonido o título separado [R] Español
060 ## - SIGNATURA TOPOGRAFICA DE LA BIBLIOTECA NACIONAL DE MEDICINA (NLM) [R]
Número clasificador [R] WG 205
245 00 - MENCION DE TITULO [NR]
Título [NR] Urgencias cardiovasculares
Mención de responsabilidad, etc. [NR] editores Clara Saldarriaga G., Juan Carlos González A. y Francisco Villegas G
260 ## - PUBLICACION, DISTRIBUCION, ETC. (PIE DE IMPRENTA) [R]
Fecha de publicación, distribución, etc. [R] 2012
Lugar de publicación, distribución, etc. [R] Medellín
Nombre del editor, distribuidor, etc. [R] Clínica cardiovascular congregación mariana
300 ## - DESCRIPCION FISICA [R]
Extensión [R] 398 páginas
Otros detalles físicos [NR] ilustraciones y gráficas
504 ## - NOTA DE BIBLIOGRAFIA, ETC. [R]
Nota de bibliografía, etc. [NR] Incluye referencias bibliográficas
650 #7 - ASIENTO SECUNDARIO DE MATERIA - TERMINO TEMATICO [R]
Término temático o nombre geográfico como elemento de entrada [NR] Enfermedades del corazón
Subdivisión general [R] Diagnóstico y tratamiento
9 (RLIN) 34802
650 #7 - ASIENTO SECUNDARIO DE MATERIA - TERMINO TEMATICO [R]
Término temático o nombre geográfico como elemento de entrada [NR] Urgencias médicas
9 (RLIN) 26003
690 ## - ASUNTO AGREGADO LOCAL DE ENTRADA - TÉRMINO TEMÁTICO (OCLC, RLIN)
Acceso temático local Cardiología
9 (RLIN) 10489
700 ## - ASIENTO SECUNDARIO - NOMBRE PERSONAL [R]
Nombre personal [NR] González A., Juan Carlos
Término de relación [R] editor
9 (RLIN) 35162
700 ## - ASIENTO SECUNDARIO - NOMBRE PERSONAL [R]
Nombre personal [NR] Saldarriaga G., Clara
Término de relación [R] editor
9 (RLIN) 35161
700 ## - ASIENTO SECUNDARIO - NOMBRE PERSONAL [R]
Nombre personal [NR] Villegas G., Francisco
Término de relación [R] editor
9 (RLIN) 35163
942 ## - ELEMENTOS DE ENTRADA AGREGADOS (KOHA)
Tipo de ítem principal el descrito en 300a Libro
Edición 1
Parte restante de la signatura top. U75c
Sistema de clasificación NLM
Clasificación WG 205
Título oculto en OPAC No
Tema principal Medicina
Existencias
Fecha de último préstamo Total préstamos Total Renewals Signatura topográfica Código de barras Última vez visto Ejemplar Costo de reposición Price effective from Tipo de ítem Perdido Sistema de clasificación Dañado No prestable Tipo de ítem específico Suprimido Ubicación habitual Ubicación actual Localización Fecha de creación Proveedor Forma de adquisición Costo
06/03/2026 35 37 WG 205 U75c 200023607 11/06/2026 Ej.1 26000.00 02/04/2013 Libro   DEWEY     Libro   Quinta de Mutis Quinta de Mutis 2do piso 02/04/2013 12 Donación 0.00